[Event "Chioggia op-B 11th"]
[Site "Chioggia"]
[Date "2016.10.09"]
[Round "4"]
[White "Boscolo Bragadin, Aldo"]
[Black "Juretic, Lejla"]
[Result "0-1"]
[WhiteElo "1783"]
[BlackElo "1758"]
[PlyCount "78"]
[EventDate "2016.10.07"]
[EventType "swiss"]
[EventRounds "5"]
[EventCountry "ITA"]
[SourceTitle "EXT 2022"]
[Source "ChessBase"]
[SourceDate "2021.10.06"]
[SourceVersion "1"]
[SourceVersionDate "2021.10.06"]
[SourceQuality "1"]

1. e4 e5 2. f4 Bc5 3. Nf3 d6 4. c3 Bg4 5. Bc4 Nf6 6. d3 Nc6 7. a4 0-0 8. b4 Nxb4 9. cxb4 Bxb4+ 10. Bd2 Bc5 11. Qe2 Re8 12. Nc3 exf4 13. Bxf4 c6 14. h3 Bb4 15. Rc1 Bxf3 16. Qxf3 d5 17. Bb3 d4 18. Bd2 dxc3 19. Bxc3 Bxc3+ 20. Rxc3 Qd4 21. Rc4 Qb6 22. Rc3 Qb4 23. Kd2 Rad8 24. Kc2 b5 25. Rb1 Qd6 26. Rd1 Re5 27. g4 Qd4 28. axb5 cxb5 29. h4 Rc5 30. Rxc5 Qxc5+ 31. Kb2 Qd4+ 32. Ka2 Rd6 33. g5 Ra6+ 34. Kb1 Qc3 35. Ba2 Qb4+ 36. Ka1 Qc3+ 37. Kb1 Ra4 38. Bxf7+ Kxf7 39. gxf6 Ra1# 0-1

[Event "Chioggia op-B 10th"]
[Site "Chioggia"]
[Date "2015.10.11"]
[Round "4"]
[White "Haidacher, Gerold"]
[Black "Boscolo Bragadin, Aldo"]
[Result "1/2-1/2"]
[WhiteElo "1747"]
[BlackElo "1783"]
[PlyCount "82"]
[EventDate "2015.10.09"]
[EventType "swiss"]
[EventRounds "5"]
[EventCountry "ITA"]
[SourceTitle "EXT 2022"]
[Source "ChessBase"]
[SourceDate "2021.10.06"]
[SourceVersion "1"]
[SourceVersionDate "2021.10.06"]
[SourceQuality "1"]

1. Nf3 d5 2. c4 e6 3. d4 Nf6 4. Nc3 Be7 5. e3 0-0 6. Qc2 Nbd7 7. b3 c5 8. Bb2 cxd4 9. Nxd4 Qa5 10. Bd3 Bc5 11. 0-0 e5 12. Nf5 e4 13. Be2 Bb4 14. a3 Bxc3 15. Bxc3 Qc7 16. Rac1 Ne5 17. Ng3 Be6 18. c5 Rac8 19. b4 Nfg4 20. Qb2 f6 21. Rfd1 Rfd8 22. Bd4 Nc6 23. h3 Nxd4 24. Qxd4 Ne5 25. Nh5 Qf7 26. Nf4 Nc6 27. Qb2 Rc7 28. Rd2 g5 29. Nh5 f5 30. Nf6+ Kf8 31. Rcd1 d4 32. Nh5 d3 33. Ng3 Bb3 34. Bh5 Qg8 35. Qf6+ Rf7 36. Bxf7 Qxf7 37. Qxf7+ Kxf7 38. Rc1 Ke6 39. f3 Ke5 40. fxe4 fxe4 41. Nf1 Rf8 1/2-1/2

[Event "Chioggia op-B 07th"]
[Site "Chioggia"]
[Date "2012.10.14"]
[Round "4"]
[White "Boscolo Bragadin, Aldo"]
[Black "Loris, Stefano"]
[Result "1/2-1/2"]
[WhiteElo "1821"]
[BlackElo "1668"]
[PlyCount "79"]
[EventDate "2012.10.12"]
[EventType "swiss"]
[EventRounds "5"]
[EventCountry "ITA"]
[SourceTitle "EXT 2022"]
[Source "ChessBase"]
[SourceDate "2021.10.06"]
[SourceVersion "1"]
[SourceVersionDate "2021.10.06"]
[SourceQuality "1"]

1. e4 c6 2. Nf3 d5 3. exd5 cxd5 4. d4 Nc6 5. Bd3 Nf6 6. c3 e6 7. Bg5 Be7 8. Nbd2 h6 9. Bxf6 Bxf6 10. Rc1 0-0 11. 0-0 Re8 12. Bb1 e5 13. dxe5 Nxe5 14. Qc2 g6 15. Rfe1 Bf5 16. Qa4 Bxb1 17. Rxb1 Nd3 18. Rxe8+ Qxe8 19. Qc2 Qe2 20. Rf1 b6 21. Nd4 Bxd4 22. cxd4 Nf4 23. Qc3 Qg4 24. Qf3 Qxf3 25. Nxf3 Rc8 26. g3 Nd3 27. b3 Rc1 28. Rxc1 Nxc1 29. Kf1 Nxa2 30. Ke2 Nc1+ 31. Kd2 Nxb3+ 32. Kc3 Na5 33. Ne5 Kf8 34. Ng4 f5 35. Nf6 Ke7 36. Nxd5+ Kd6 37. Ne3 a6 38. f3 Nc6 39. h4 b5 40. h5 1/2-1/2

[Event "Cavarzere op 14th"]
[Site "Cavarzere"]
[Date "2011.10.23"]
[Round "6.12"]
[White "Boscolo Bragadin, Aldo"]
[Black "Benaddi, Redouane"]
[Result "1/2-1/2"]
[WhiteElo "1658"]
[BlackElo "1824"]
[PlyCount "52"]
[EventDate "2011.10.15"]
[EventType "swiss"]
[EventRounds "6"]
[EventCountry "ITA"]
[SourceTitle "EXT 2023"]
[Source "ChessBase"]
[SourceDate "2022.10.05"]
[SourceVersion "1"]
[SourceVersionDate "2022.10.05"]
[SourceQuality "1"]

1. e4 d6 2. Nf3 g6 3. Bc4 h6 4. d4 Bg7 5. c3 a6 6. Be3 Nc6 7. Nbd2 e5 8. Qb3 Qd7 9. Qc2 g5 10. h3 Nge7 11. Nb3 b5 12. Bd3 Ng6 13. Qe2 0-0 14. Rd1 Qe7 15. Bb1 Rb8 16. d5 Nd8 17. c4 bxc4 18. Qxc4 f5 19. Rc1 f4 20. Bd2 Rf7 21. Ba5 Rb7 22. Qxa6 Qd7 23. Qc4 g4 24. hxg4 Qxg4 25. Qe2 Ra7 26. Bd3 Re7 1/2-1/2

[Event "Chioggia op-B 06th"]
[Site "Chioggia"]
[Date "2011.10.09"]
[Round "4"]
[White "Perissotto, Mario"]
[Black "Boscolo Bragadin, Aldo"]
[Result "1-0"]
[WhiteElo "1724"]
[BlackElo "1658"]
[PlyCount "80"]
[EventDate "2011.10.07"]
[EventType "swiss"]
[EventRounds "5"]
[EventCountry "ITA"]
[SourceTitle "EXT 2022"]
[Source "ChessBase"]
[SourceDate "2021.10.06"]
[SourceVersion "1"]
[SourceVersionDate "2021.10.06"]
[SourceQuality "1"]

1. e4 d5 2. exd5 Nf6 3. c4 c6 4. dxc6 Nxc6 5. Nf3 Bf5 6. a3 e6 7. d4 Be7 8. Be2 0-0 9. 0-0 Qc7 10. Nc3 a6 11. Be3 Rfd8 12. Qc1 Na5 13. Bf4 Qc8 14. Qd1 Nxc4 15. Bxc4 Qxc4 16. Rc1 Rac8 17. Ne4 Qxc1 18. Bxc1 Bxe4 19. Be3 Rc2 20. Ng5 Rdc8 21. Nxe4 Nxe4 22. Qd3 Nd6 23. Qb3 b5 24. g3 Ne4 25. d5 e5 26. Qd3 Nd6 27. Rb1 Bf6 28. b3 h5 29. Qd1 h4 30. Rc1 Rxc1 31. Bxc1 hxg3 32. hxg3 e4 33. Kg2 Rc3 34. Bf4 Nf5 35. d6 g5 36. Qd5 gxf4 37. Qxf5 f3+ 38. Kh3 Kg7 39. Qxe4 Kh6 40. Qd5 Kg6 1-0

[Event "Chioggia op 1st"]
[Site "Chioggia"]
[Date "2006.01.29"]
[Round "3"]
[White "Boscolo Bragadin, Aldo"]
[Black "Cruccu, Alberto"]
[Result "0-1"]
[WhiteElo "1700"]
[BlackElo "1440"]
[PlyCount "76"]
[EventDate "2006.01.28"]
[EventType "swiss"]
[EventRounds "6"]
[EventCountry "ITA"]
[SourceTitle "EXT 2022"]
[Source "ChessBase"]
[SourceDate "2021.10.06"]
[SourceVersion "1"]
[SourceVersionDate "2021.10.06"]
[SourceQuality "1"]

1. e4 c5 2. Bc4 g6 3. c3 Bg7 4. d4 cxd4 5. cxd4 d6 6. Ne2 Nf6 7. Nbc3 0-0 8. 0-0 Nc6 9. Bg5 a6 10. a4 Bd7 11. Kh1 Qc8 12. Bb3 Na5 13. Bxf6 Bxf6 14. Nd5 Qd8 15. Ba2 Bg7 16. Rc1 e6 17. Ne3 Qb6 18. b3 Nc6 19. d5 Nb4 20. Bb1 a5 21. Nc4 Qa6 22. Nf4 Bh6 23. Qg4 exd5 24. Qxd7 dxc4 25. Qg4 cxb3 26. Rcd1 Rac8 27. h4 Nc2 28. Nd5 Rc5 29. h5 Bg7 30. hxg6 hxg6 31. Ne7+ Kh7 32. Nd5 Rxd5 33. exd5 Be5 34. g3 Kg7 35. Kg2 Rh8 36. f4 Ne3+ 37. Kf3 Nxg4 38. Kxg4 Qe2+ 0-1